Wainwright family papers, (Record no. 39216)
[ view plain ]
| 000 -LEADER | |
|---|---|
| fixed length control field | 01662cpcaa2200349 a 4500 |
| 001 - CONTROL NUMBER | |
| control field | mm 70054114 |
| 003 - CONTROL NUMBER IDENTIFIER | |
| control field | DLC |
| 005 - DATE AND TIME OF LATEST TRANSACTION | |
| control field | 20260227111614.0 |
| 008 - FIXED-LENGTH DATA ELEMENTS--GENERAL INFORMATION | |
| fixed length control field | 730217|||||||||||| eng |
| 010 ## - LIBRARY OF CONGRESS CONTROL NUMBER | |
| LC control number | mm 70054114 |
| 040 ## - CATALOGING SOURCE | |
| Original cataloging agency | DLC |
| Transcribing agency | DLC |
| Modifying agency | DLC |
| Description conventions | dacs |
| 072 #7 - SUBJECT CATEGORY CODE | |
| Subject category code | W |
| Source | lcmd |
| 245 00 - TITLE STATEMENT | |
| Title | Wainwright family papers, |
| Inclusive dates | 1842-1941. |
| 300 ## - PHYSICAL DESCRIPTION | |
| Extent | 20 |
| Type of unit | items. |
| 300 ## - PHYSICAL DESCRIPTION | |
| Extent | 1 |
| Type of unit | container. |
| 300 ## - PHYSICAL DESCRIPTION | |
| Extent | 0.4 |
| Type of unit | linear feet. |
| 506 0# - RESTRICTIONS ON ACCESS NOTE | |
| Terms governing access | Open to research. |
| 520 8# - SUMMARY, ETC. | |
| Summary, etc. | Letters (1842-1848) of Richard Wainwright (1817-1862) to his family; two letterbooks (1900-1902) of Richard Wainwright (1849-1926) while superintendent of the United States Naval Academy, Annapolis, Md.; typescript or holograph articles on naval topics (1924 and undated); carbon copy of a letter (1941 May 27) to Richard Wainwright (1881-1944) from Dudley W. Knox; and notes (undated) on family members. |
| 580 ## - LINKING ENTRY COMPLEXITY NOTE | |
| Linking entry complexity note | Forms part of: Naval Historical Foundation collection. |
| 600 10 - SUBJECT ADDED ENTRY--PERSONAL NAME | |
| Personal name | Wainwright, Richard, |
| Dates associated with a name | 1817-1862 |
| Form subdivision | Correspondence. |
| 600 10 - SUBJECT ADDED ENTRY--PERSONAL NAME | |
| Personal name | Wainwright, Richard, |
| Dates associated with a name | 1849-1926. |
| 600 10 - SUBJECT ADDED ENTRY--PERSONAL NAME | |
| Personal name | Wainwright, Richard, |
| Dates associated with a name | 1849-1926 |
| Form subdivision | Correspondence. |
| 600 10 - SUBJECT ADDED ENTRY--PERSONAL NAME | |
| Personal name | Wainwright, Richard, |
| Dates associated with a name | 1881-1944 |
| Form subdivision | Correspondence. |
| 600 10 - SUBJECT ADDED ENTRY--PERSONAL NAME | |
| Personal name | Knox, Dudley Wright, |
| Dates associated with a name | 1877-1960 |
| Form subdivision | Correspondence. |
| 600 30 - SUBJECT ADDED ENTRY--PERSONAL NAME | |
| Personal name | Wainwright family. |
| 610 20 - SUBJECT ADDED ENTRY--CORPORATE NAME | |
| Corporate name or jurisdiction name as entry element | United States Naval Academy. |
| 650 #0 - SUBJECT ADDED ENTRY--TOPICAL TERM | |
| Topical term or geographic name entry element | Universities and colleges |
| Geographic subdivision | Maryland |
| -- | Annapolis. |
| 656 #7 - INDEX TERM--OCCUPATION | |
| Occupation | Naval officers. |
| Source of term | itoamc |
No items available.